000 00966nam2a22002411 4500
001 rc\3940351
005 20250611031714.0
021 _aRU
_b[57-3639]
035 _a(NLR Aleph) 008037864
090 _a8862244
_c8862244
100 _a20130415d1956 |||y0rusy50 ca
101 0 _arus
102 _aRU
105 _aa z |||||
200 0 _aВып. 1
210 _d1956
_aБ. м.
215 _a136 с.
_cил.
461 0 _1001rc\3940350
_12001#$aВозникновение системы мер и способов измерения величин$eВып. 1-$vВып. 1
_1700#1$aДепман$bИ.Я.$f1885-1970$gИван Яковлевич
_98862240
_aДепман, И.Я. (1885-1970)
_cМосква
_d1956
_nУчпедгиз
_oВып. 1-
_tВозникновение системы мер и способов измерения величин
_vВып. 1
801 0 _aRU
_bNLR
_gpsbo
801 1 _aRU
_bELAR
_2rusmarc
852 _aNLR
_j57-3/523
942 _cBOOK
980 _aNB